000 00431nam a2200121 a 4500
008 120416s1967 ||||||||||||||||| || u
050 _aHG 3881 Hir
100 _aHirsch, Fred
245 1 0 _aMoney international
260 _aLondon
_bThe Penguin Press
_c1967
350 _a0.00
995 _D0.00
_FCBU-MAIN LIBRARY (Kitwe)
_H1
_I4.00
_M1
_UAVAILABLE
_ZMain Library Open Access Collection
999 _c51610
_d51610